[Event "45th FIDE Chess Olympiad Open"]
[Site "Budapest, Hungary"]
[Date "2024.09.20"]
[Round "9"]
[White "Bagheri, Amir"]
[Black "Michaelides, Konstantinos"]
[Result "1/2-1/2"]
[Board "197"]
[WhiteFideId "12500283"]
[BlackFideId "5901871"]
[WhiteTitle "GM"]
[BlackTitle "FM"]
[WhiteElo "2372"]
[BlackElo "2297"]
[WhiteTeam "Monaco"]
[BlackTeam "Cyprus"]
[WhiteClock "0:07:43"]
[BlackClock "0:01:51"]
[Variant "Standard"]

1. d4 {[%clk 1:30:58]}  Nf6 {[%clk 1:30:38]} 2. Nf3 {[%clk 1:31:19]}  e6 {[%clk 1:30:42]} 3. Bf4 {[%clk 1:30:03]}  c5 {[%clk 1:30:31]} 4. e3 {[%clk 1:29:55]}  cxd4 {[%clk 1:30:26]} 5. exd4 {[%clk 1:29:23]}  b6 {[%clk 1:30:36]} 6. Nbd2 {[%clk 1:28:38]}  Be7 {[%clk 1:30:12]} 7. a4 {[%clk 1:27:07]}  Ba6 {[%clk 1:25:37]} 8. Bb5 {[%clk 1:25:51]}  Bb7 {[%clk 1:24:53]} 9. O-O {[%clk 1:25:49]}  O-O {[%clk 1:24:39]} 10. h3 {[%clk 1:25:20]}  a6 {[%clk 1:22:46]} 11. Bd3 {[%clk 1:21:02]}  d6 {[%clk 1:22:56]} 12. Re1 {[%clk 1:15:26]}  Nbd7 {[%clk 1:22:36]} 13. c3 {[%clk 1:14:38]}  Re8 {[%clk 1:20:13]} 14. Bh2 {[%clk 1:10:28]}  Bc6 {[%clk 1:17:32]} 15. Qe2 {[%clk 1:06:00]}  Qc8 {[%clk 1:16:27]} 16. Ng5 {[%clk 0:51:50]}  Bf8 {[%clk 1:06:20]} 17. Nge4 {[%clk 0:48:31]}  Nxe4 {[%clk 0:53:47]} 18. Nxe4 {[%clk 0:48:48]}  e5 {[%clk 0:53:05]} 19. Ng5 {[%clk 0:24:53]}  e4 {[%clk 0:44:38]} 20. Qh5 {[%clk 0:21:44]}  Nf6 {[%clk 0:44:19]} 21. Qxf7+ {[%clk 0:22:08]}  Kh8 {[%clk 0:44:47]} 22. Qb3 {[%clk 0:19:41]}  h6 {[%clk 0:29:32]} 23. Nf7+ {[%clk 0:17:07]}  Kh7 {[%clk 0:29:33]} 24. c4 {[%clk 0:13:26]}  Qd7 {[%clk 0:23:48]} 25. Bc2 {[%clk 0:10:22]}  Qxf7 {[%clk 0:22:57]} 26. d5 {[%clk 0:10:47]}  Bd7 {[%clk 0:16:11]} 27. Qxb6 {[%clk 0:11:10]}  Rab8 {[%clk 0:13:35]} 28. Qd4 {[%clk 0:09:09]}  Bf5 {[%clk 0:12:15]} 29. a5 {[%clk 0:08:39]}  Nd7 {[%clk 0:08:31]} 30. Bxe4 {[%clk 0:08:02]}  Bxe4 {[%clk 0:07:26]} 31. Rxe4 {[%clk 0:08:25]}  Rxe4 {[%clk 0:07:15]} 32. Qxe4+ {[%clk 0:08:50]}  Qg6 {[%clk 0:07:40]} 33. Qe2 {[%clk 0:04:50]}  Nc5 {[%clk 0:07:13]} 34. Rd1 {[%clk 0:04:58]}  Rb3 {[%clk 0:03:55]} 35. Bf4 {[%clk 0:05:00]}  Qe4 {[%clk 0:01:23]} 36. Qxe4+ {[%clk 0:04:04]}  Nxe4 {[%clk 0:01:51]} 37. Re1 {[%clk 0:04:29]}  Nc5 {[%clk 0:01:01]} 38. Re8 {[%clk 0:04:53]}  Nd7 {[%clk 0:00:41]} 39. Rd8 {[%clk 0:01:30]}  Rb7 {[%clk 0:00:54]} 40. b4 {[%clk 0:01:53]}  Be7 {[%clk 0:00:37]} 41. Ra8 {[%clk 0:01:35]}  Nb8 {[%clk 0:20:10]} 42. c5 {[%clk 0:17:17]}  Rxb4 {[%clk 0:05:00]} 43. c6 {[%clk 0:13:51]}  Nxc6 {[%clk 0:04:55]} 44. dxc6 {[%clk 0:14:15]}  Rc4 {[%clk 0:05:19]} 45. c7 {[%clk 0:14:26]}  Rxc7 {[%clk 0:05:05]} 46. Rxa6 {[%clk 0:14:48]}  Rc5 {[%clk 0:04:03]} 47. Ra7 {[%clk 0:13:39]}  Bd8 {[%clk 0:02:51]} 48. a6 {[%clk 0:13:32]}  Ra5 {[%clk 0:00:46]} 49. Bxd6 {[%clk 0:08:28]}  Bb6 {[%clk 0:00:54]} 50. Rb7 {[%clk 0:04:22]}  Bd4 {[%clk 0:00:52]} 51. g4 {[%clk 0:04:01]}  Rxa6 {[%clk 0:00:59]} 52. Bg3 {[%clk 0:04:26]}  Ra3 {[%clk 0:00:40]} 53. Kg2 {[%clk 0:04:50]}  Ra2 {[%clk 0:00:52]} 54. Rd7 {[%clk 0:05:01]}  Bf6 {[%clk 0:00:59]} 55. Bf4 {[%clk 0:05:15]}  Ra3 {[%clk 0:00:56]} 56. Be3 {[%clk 0:05:32]}  Rb3 {[%clk 0:01:05]} 57. Rc7 {[%clk 0:04:44]}  Rd3 {[%clk 0:01:12]} 58. Kf3 {[%clk 0:04:35]}  Ra3 {[%clk 0:01:28]} 59. Rc8 {[%clk 0:04:25]}  Rb3 {[%clk 0:01:44]} 60. Re8 {[%clk 0:04:41]}  Kg6 {[%clk 0:02:02]} 61. Kg3 {[%clk 0:04:44]}  Kf7 {[%clk 0:02:05]} 62. Re4 {[%clk 0:05:03]}  Kg6 {[%clk 0:01:41]} 63. f4 {[%clk 0:04:49]}  Kf7 {[%clk 0:01:49]} 64. h4 {[%clk 0:04:48]}  Bd4 {[%clk 0:01:54]} 65. Kf3 {[%clk 0:05:11]}  Bxe3 {[%clk 0:02:18]} 66. Rxe3 {[%clk 0:05:36]}  Rb1 {[%clk 0:02:19]} 67. g5 {[%clk 0:04:40]}  hxg5 {[%clk 0:00:37]} 68. hxg5 {[%clk 0:05:04]}  Rb5 {[%clk 0:00:31]} 69. Kg4 {[%clk 0:05:25]}  g6 {[%clk 0:00:36]} 70. Rc3 {[%clk 0:05:51]}  Rb7 {[%clk 0:00:37]} 71. Rc6 {[%clk 0:06:15]}  Rb3 {[%clk 0:00:40]} 72. Rf6+ {[%clk 0:06:29]}  Kg7 {[%clk 0:01:09]} 73. Re6 {[%clk 0:06:53]}  Kf7 {[%clk 0:01:32]} 74. Re2 {[%clk 0:07:18]}  Ra3 {[%clk 0:01:46]} 75. Rf2 {[%clk 0:07:43]}  Ra4 {[%clk 0:01:27]} 76. Rf3 {[%clk 0:08:06]}  Rb4 {[%clk 0:01:46]} 77. Rd3 {[%clk 0:08:31]}  Re4 {[%clk 0:01:11]} 78. Kf3 {[%clk 0:08:52]}  Re7 {[%clk 0:01:04]} 79. Rd5 {[%clk 0:09:11]}  Re8 {[%clk 0:01:12]} 80. Re5 {[%clk 0:09:20]}  Ra8 {[%clk 0:01:29]} 81. Kg4 {[%clk 0:07:43]}  Ra3 {[%clk 0:01:51]} 1/2-1/2

[Event "45th FIDE Chess Olympiad Open"]
[Site "Budapest, Hungary"]
[Date "2024.09.20"]
[Round "9"]
[White "Isaakidis, Alexandros"]
[Black "Levacic, Damir"]
[Result "1-0"]
[Board "198"]
[WhiteFideId "5903076"]
[BlackFideId "600180"]
[BlackTitle "IM"]
[WhiteElo "2155"]
[BlackElo "2097"]
[WhiteTeam "Cyprus"]
[BlackTeam "Monaco"]
[WhiteClock "0:14:55"]
[BlackClock "0:00:36"]
[Variant "Standard"]

1. e4 {[%clk 1:30:33]}  g6 {[%clk 1:30:08]} 2. d4 {[%clk 1:30:53]}  Bg7 {[%clk 1:28:12]} 3. c4 {[%clk 1:30:35]}  c5 {[%clk 1:24:53]} 4. d5 {[%clk 1:29:52]}  d6 {[%clk 1:24:16]} 5. Nc3 {[%clk 1:28:03]}  Bxc3+ {[%clk 1:20:35]} 6. bxc3 {[%clk 1:28:24]}  e5 {[%clk 1:21:02]} 7. Bd3 {[%clk 1:20:37]}  h5 {[%clk 1:16:26]} 8. f4 {[%clk 1:14:46]}  Qa5 {[%clk 0:53:33]} 9. Qb3 {[%clk 1:01:56]}  Nd7 {[%clk 0:50:12]} 10. Nf3 {[%clk 1:01:56]}  f6 {[%clk 0:48:04]} 11. O-O {[%clk 0:59:40]}  Kd8 {[%clk 0:43:29]} 12. fxe5 {[%clk 0:52:36]}  Nxe5 {[%clk 0:42:15]} 13. Nxe5 {[%clk 0:44:53]}  dxe5 {[%clk 0:42:29]} 14. Bg5 {[%clk 0:37:05]}  Ke7 {[%clk 0:32:17]} 15. d6+ {[%clk 0:34:17]}  Ke6 {[%clk 0:30:52]} 16. d7 {[%clk 0:34:34]}  fxg5 {[%clk 0:21:55]} 17. Rf8 {[%clk 0:28:42]}  Kxd7 {[%clk 0:10:04]} 18. Raf1 {[%clk 0:28:47]}  Qb6 {[%clk 0:04:00]} 19. R1f7+ {[%clk 0:28:36]}  Ke6 {[%clk 0:03:37]} 20. Qd1 {[%clk 0:14:11]}  Qd6 {[%clk 0:02:11]} 21. Qf1 {[%clk 0:14:32]}  Bd7 {[%clk 0:00:36]} 22. Rxg8 {[%clk 0:14:55]} 1-0

[Event "45th FIDE Chess Olympiad Open"]
[Site "Budapest, Hungary"]
[Date "2024.09.20"]
[Round "9"]
[White "Meylan, Andre"]
[Black "Savva, Panikos"]
[Result "1-0"]
[Board "199"]
[WhiteFideId "1301225"]
[BlackFideId "5900077"]
[BlackTitle "CM"]
[WhiteElo "2165"]
[BlackElo "1973"]
[WhiteTeam "Monaco"]
[BlackTeam "Cyprus"]
[WhiteClock "0:39:12"]
[BlackClock "0:27:23"]
[Variant "Standard"]

1. e4 {[%clk 1:30:57]}  c5 {[%clk 1:30:49]} 2. Nf3 {[%clk 1:31:23]}  e6 {[%clk 1:31:10]} 3. d4 {[%clk 1:31:43]}  cxd4 {[%clk 1:31:32]} 4. Nxd4 {[%clk 1:32:07]}  Nc6 {[%clk 1:31:44]} 5. c4 {[%clk 1:32:03]}  Nf6 {[%clk 1:29:54]} 6. Nc3 {[%clk 1:32:27]}  Bb4 {[%clk 1:29:12]} 7. Nxc6 {[%clk 1:32:37]}  dxc6 {[%clk 1:29:04]} 8. Qxd8+ {[%clk 1:32:48]}  Kxd8 {[%clk 1:29:33]} 9. e5 {[%clk 1:31:50]}  Nd7 {[%clk 1:23:24]} 10. f4 {[%clk 1:25:46]}  Ke7 {[%clk 1:12:25]} 11. Be3 {[%clk 1:21:56]}  b6 {[%clk 1:10:20]} 12. O-O-O {[%clk 1:15:42]}  Bxc3 {[%clk 1:07:24]} 13. bxc3 {[%clk 1:14:12]}  c5 {[%clk 1:07:33]} 14. Bd3 {[%clk 1:10:39]}  Bb7 {[%clk 1:07:31]} 15. Rd2 {[%clk 1:10:57]}  h6 {[%clk 1:04:02]} 16. Rhd1 {[%clk 1:10:11]}  Rhd8 {[%clk 1:04:16]} 17. Bf2 {[%clk 1:09:13]}  f6 {[%clk 0:52:12]} 18. Bh4 {[%clk 1:05:29]}  Nf8 {[%clk 0:46:24]} 19. f5 {[%clk 0:58:39]}  Nh7 {[%clk 0:27:54]} 20. exf6+ {[%clk 0:46:39]}  gxf6 {[%clk 0:27:08]} 21. Re2 {[%clk 0:39:10]}  Ng5 {[%clk 0:27:13]} 22. Bxg5 {[%clk 0:37:37]}  hxg5 {[%clk 0:27:23]} 23. Rxe6+ {[%clk 0:33:57]}  Kf7 {[%clk 0:27:46]} 24. Be4 {[%clk 0:32:34]}  Bxe4 {[%clk 0:20:02]} 25. Rxe4 {[%clk 0:32:52]}  Rxd1+ {[%clk 0:20:16]} 26. Kxd1 {[%clk 0:33:17]}  Rb8 {[%clk 0:14:41]} 27. a4 {[%clk 0:31:44]}  Rd8+ {[%clk 0:09:55]} 28. Kc2 {[%clk 0:29:37]}  Rd6 {[%clk 0:10:01]} 29. Re3 {[%clk 0:29:17]}  Rd7 {[%clk 0:10:12]} 30. Re6 {[%clk 0:27:25]}  Kg7 {[%clk 0:09:29]} 31. g3 {[%clk 0:22:51]}  Kf7 {[%clk 0:06:32]} 32. Re4 {[%clk 0:21:19]}  Kg7 {[%clk 0:06:09]} 33. h4 {[%clk 0:17:30]}  gxh4 {[%clk 0:06:28]} 34. Rg4+ {[%clk 0:17:45]}  Kf7 {[%clk 0:03:50]} 35. Rxh4 {[%clk 0:17:24]}  Kg7 {[%clk 0:04:15]} 36. Rg4+ {[%clk 0:17:42]}  Kf7 {[%clk 0:04:31]} 37. Re4 {[%clk 0:17:44]}  Kg7 {[%clk 0:02:14]} 38. Re6 {[%clk 0:13:22]}  Kf7 {[%clk 0:02:34]} 39. a5 {[%clk 0:13:31]}  bxa5 {[%clk 0:01:27]} 40. Rc6 {[%clk 0:12:32]}  Kg7 {[%clk 0:00:55]} 41. Rxc5 {[%clk 0:11:20]}  Kh6 {[%clk 0:01:05]} 42. Rxa5 {[%clk 0:10:42]}  Kg5 {[%clk 0:27:23]} 43. Rd5 {[%clk 0:39:12]} 1-0

[Event "45th FIDE Chess Olympiad Open"]
[Site "Budapest, Hungary"]
[Date "2024.09.20"]
[Round "9"]
[White "Kefalas, Loukas"]
[Black "Van Hoolandt, Patrick"]
[Result "0-1"]
[Board "200"]
[WhiteFideId "5901120"]
[BlackFideId "200999"]
[BlackTitle "FM"]
[WhiteElo "1912"]
[BlackElo "2036"]
[WhiteTeam "Cyprus"]
[BlackTeam "Monaco"]
[WhiteClock "0:00:38"]
[BlackClock "0:02:19"]
[Variant "Standard"]

1. Nf3 {[%clk 1:30:52]}  Nf6 {[%clk 1:29:58]} 2. d4 {[%clk 1:30:53]}  e6 {[%clk 1:30:17]} 3. c4 {[%clk 1:30:43]}  Bb4+ {[%clk 1:30:37]} 4. Nbd2 {[%clk 1:29:53]}  d5 {[%clk 1:30:34]} 5. Qa4+ {[%clk 1:28:18]}  Nc6 {[%clk 1:30:53]} 6. a3 {[%clk 1:26:59]}  Be7 {[%clk 1:27:45]} 7. e3 {[%clk 1:24:54]}  O-O {[%clk 1:24:36]} 8. Qc2 {[%clk 1:22:22]}  Re8 {[%clk 1:14:04]} 9. b3 {[%clk 1:15:16]}  Bd6 {[%clk 0:59:25]} 10. c5 {[%clk 0:58:34]}  Bf8 {[%clk 0:59:49]} 11. Bb2 {[%clk 0:58:38]}  Qe7 {[%clk 0:46:30]} 12. b4 {[%clk 0:49:53]}  a6 {[%clk 0:46:49]} 13. Bd3 {[%clk 0:43:49]}  g6 {[%clk 0:46:58]} 14. O-O {[%clk 0:43:06]}  Bg7 {[%clk 0:47:07]} 15. Qb3 {[%clk 0:36:58]}  Bd7 {[%clk 0:33:30]} 16. a4 {[%clk 0:32:45]}  e5 {[%clk 0:24:31]} 17. dxe5 {[%clk 0:18:29]}  Ng4 {[%clk 0:24:52]} 18. Be2 {[%clk 0:11:58]}  Ngxe5 {[%clk 0:23:13]} 19. Rac1 {[%clk 0:08:58]}  Be6 {[%clk 0:11:27]} 20. Nxe5 {[%clk 0:08:58]}  Nxe5 {[%clk 0:10:26]} 21. Bd4 {[%clk 0:05:31]}  c6 {[%clk 0:09:05]} 22. Qc3 {[%clk 0:04:26]}  f6 {[%clk 0:09:17]} 23. h3 {[%clk 0:02:23]}  Bd7 {[%clk 0:08:45]} 24. Rb1 {[%clk 0:01:15]}  Qd8 {[%clk 0:04:19]} 25. Rb3 {[%clk 0:01:06]}  Qe7 {[%clk 0:02:13]} 26. Rfb1 {[%clk 0:00:53]}  Bf5 {[%clk 0:02:35]} 27. R1b2 {[%clk 0:01:02]}  Qc7 {[%clk 0:02:35]} 28. b5 {[%clk 0:01:03]}  axb5 {[%clk 0:03:00]} 29. axb5 {[%clk 0:01:13]}  Ra1+ {[%clk 0:03:11]} 30. Bf1 {[%clk 0:01:09]}  Rea8 {[%clk 0:01:24]} 31. bxc6 {[%clk 0:01:18]}  bxc6 {[%clk 0:01:52]} 32. Rb6 {[%clk 0:00:40]}  Nd7 {[%clk 0:01:23]} 33. Rb7 {[%clk 0:00:52]}  Qa5 {[%clk 0:01:50]} 34. Qxa5 {[%clk 0:00:35]}  R1xa5 {[%clk 0:01:58]} 35. Rc7 {[%clk 0:00:45]}  Nxc5 {[%clk 0:01:33]} 36. Bxc5 {[%clk 0:00:36]}  Rxc5 {[%clk 0:02:01]} 37. Rbb7 {[%clk 0:00:55]}  Bf8 {[%clk 0:02:08]} 38. Kh2 {[%clk 0:00:38]}  Bd6+ {[%clk 0:02:19]} 0-1

[Event "45th FIDE Chess Olympiad Open"]
[Site "Budapest, Hungary"]
[Date "2024.09.20"]
[Round "9"]
[White "KIGIGHA, Bomo Lovet"]
[Black "Khusenkhojaev, Mustafokhuja"]
[Result "0-1"]
[Board "201"]
[WhiteFideId "8500037"]
[BlackFideId "14700727"]
[WhiteTitle "FM"]
[BlackTitle "FM"]
[WhiteElo "2217"]
[BlackElo "2283"]
[WhiteTeam "Nigeria"]
[BlackTeam "Tajikistan"]
[WhiteClock "0:02:55"]
[BlackClock "0:30:24"]
[Variant "Standard"]

1. c4 {[%clk 1:30:55]}  Nf6 {[%clk 1:30:45]} 2. Nc3 {[%clk 1:31:17]}  c5 {[%clk 1:30:59]} 3. g3 {[%clk 1:31:35]}  d5 {[%clk 1:31:13]} 4. cxd5 {[%clk 1:32:00]}  Nxd5 {[%clk 1:31:36]} 5. Bg2 {[%clk 1:32:25]}  Nc7 {[%clk 1:31:37]} 6. b3 {[%clk 1:32:49]}  e5 {[%clk 1:31:04]} 7. Bb2 {[%clk 1:33:11]}  Be7 {[%clk 1:30:23]} 8. Rc1 {[%clk 1:32:44]}  f6 {[%clk 1:27:21]} 9. Nf3 {[%clk 1:30:07]}  O-O {[%clk 1:26:51]} 10. O-O {[%clk 1:30:23]}  Nc6 {[%clk 1:26:51]} 11. d3 {[%clk 1:28:39]}  Be6 {[%clk 1:21:49]} 12. Ne4 {[%clk 1:19:31]}  b6 {[%clk 1:20:43]} 13. e3 {[%clk 1:10:53]}  Nb4 {[%clk 1:01:29]} 14. d4 {[%clk 1:10:47]}  f5 {[%clk 0:57:00]} 15. Nc3 {[%clk 1:02:19]}  e4 {[%clk 0:55:13]} 16. Ne1 {[%clk 0:55:35]}  cxd4 {[%clk 0:53:25]} 17. exd4 {[%clk 0:55:47]}  Bg5 {[%clk 0:51:31]} 18. Rb1 {[%clk 0:49:42]}  Ncd5 {[%clk 0:51:06]} 19. Nxd5 {[%clk 0:43:26]}  Nxd5 {[%clk 0:49:10]} 20. Nc2 {[%clk 0:42:04]}  Rc8 {[%clk 0:48:54]} 21. Qe2 {[%clk 0:32:15]}  Re8 {[%clk 0:37:04]} 22. Rfd1 {[%clk 0:16:36]}  Bf7 {[%clk 0:34:56]} 23. Bh3 {[%clk 0:11:04]}  f4 {[%clk 0:34:47]} 24. Bxc8 {[%clk 0:09:38]}  Qxc8 {[%clk 0:35:16]} 25. Ne1 {[%clk 0:05:36]}  f3 {[%clk 0:33:33]} 26. Qf1 {[%clk 0:02:32]}  e3 {[%clk 0:33:11]} 27. fxe3 {[%clk 0:02:59]}  Nxe3 {[%clk 0:30:32]} 28. Qxf3 {[%clk 0:03:23]}  Bd5 {[%clk 0:30:17]} 29. Rdc1 {[%clk 0:02:55]}  Qa6 {[%clk 0:30:24]} 0-1

[Event "45th FIDE Chess Olympiad Open"]
[Site "Budapest, Hungary"]
[Date "2024.09.20"]
[Round "9"]
[White "Ilkhomi, Jaloliddin"]
[Black "OSUNFUYI, Abimbola"]
[Result "1-0"]
[Board "202"]
[WhiteFideId "14700948"]
[BlackFideId "8502439"]
[WhiteTitle "FM"]
[BlackTitle "FM"]
[WhiteElo "2227"]
[BlackElo "2164"]
[WhiteTeam "Tajikistan"]
[BlackTeam "Nigeria"]
[WhiteClock "0:27:23"]
[BlackClock "0:32:03"]
[Variant "Standard"]

1. d4 {[%clk 1:30:47]}  d5 {[%clk 1:29:51]} 2. Bf4 {[%clk 1:31:02]}  Nf6 {[%clk 1:29:07]} 3. e3 {[%clk 1:31:27]}  e6 {[%clk 1:28:55]} 4. Nd2 {[%clk 1:31:31]}  c5 {[%clk 1:27:35]} 5. c3 {[%clk 1:31:55]}  Nc6 {[%clk 1:28:00]} 6. Ngf3 {[%clk 1:32:21]}  cxd4 {[%clk 1:27:47]} 7. exd4 {[%clk 1:32:49]}  Nh5 {[%clk 1:27:47]} 8. Be3 {[%clk 1:30:55]}  Bd6 {[%clk 1:27:16]} 9. Ne5 {[%clk 1:30:15]}  g6 {[%clk 1:26:22]} 10. Bb5 {[%clk 1:25:18]}  Qc7 {[%clk 1:23:18]} 11. Qa4 {[%clk 1:22:47]}  O-O {[%clk 1:20:16]} 12. Ndf3 {[%clk 0:59:43]}  Ne7 {[%clk 1:15:14]} 13. Bh6 {[%clk 0:53:30]}  Ng7 {[%clk 1:14:18]} 14. Bd7 {[%clk 0:45:16]}  f6 {[%clk 1:06:09]} 15. Bxc8 {[%clk 0:45:03]}  Raxc8 {[%clk 1:05:51]} 16. Ng4 {[%clk 0:44:16]}  Nef5 {[%clk 1:03:41]} 17. Bd2 {[%clk 0:42:54]}  g5 {[%clk 0:51:39]} 18. h3 {[%clk 0:38:33]}  Qb6 {[%clk 0:47:06]} 19. O-O-O {[%clk 0:34:54]}  Rc4 {[%clk 0:45:12]} 20. Qb3 {[%clk 0:34:03]}  Qa6 {[%clk 0:44:50]} 21. h4 {[%clk 0:26:11]}  h5 {[%clk 0:44:08]} 22. Ne3 {[%clk 0:25:12]}  g4 {[%clk 0:36:36]} 23. Nxc4 {[%clk 0:22:21]}  dxc4 {[%clk 0:37:04]} 24. Qc2 {[%clk 0:22:41]}  gxf3 {[%clk 0:37:32]} 25. gxf3 {[%clk 0:18:44]}  Qxa2 {[%clk 0:37:55]} 26. Be3 {[%clk 0:19:08]}  Rd8 {[%clk 0:34:18]} 27. Rhg1 {[%clk 0:17:01]}  Qa5 {[%clk 0:31:35]} 28. d5 {[%clk 0:15:21]}  Nxe3 {[%clk 0:23:05]} 29. fxe3 {[%clk 0:15:03]}  Bc5 {[%clk 0:23:02]} 30. Qe4 {[%clk 0:11:57]}  exd5 {[%clk 0:21:54]} 31. Qe6+ {[%clk 0:11:33]}  Kh8 {[%clk 0:21:58]} 32. Rxg7 {[%clk 0:11:14]}  Qa1+ {[%clk 0:20:28]} 33. Kc2 {[%clk 0:11:27]}  Qa4+ {[%clk 0:19:13]} 34. Kd2 {[%clk 0:11:32]}  Qxd1+ {[%clk 0:18:32]} 35. Kxd1 {[%clk 0:12:01]}  Kxg7 {[%clk 0:18:55]} 36. Kd2 {[%clk 0:11:24]}  Kg6 {[%clk 0:18:24]} 37. Ke2 {[%clk 0:10:58]}  Kg7 {[%clk 0:15:36]} 38. Kd1 {[%clk 0:01:35]}  b6 {[%clk 0:15:43]} 39. Kd2 {[%clk 0:01:20]}  Kg6 {[%clk 0:15:42]} 40. Kc2 {[%clk 0:00:42]}  Kg7 {[%clk 0:16:02]} 41. f4 {[%clk 0:00:32]}  Rd6 {[%clk 0:06:10]} 42. Qe7+ {[%clk 0:29:49]}  Kg6 {[%clk 0:36:07]} 43. Qe8+ {[%clk 0:30:14]}  Kf5 {[%clk 0:36:20]} 44. Qxh5+ {[%clk 0:30:39]}  Ke4 {[%clk 0:36:34]} 45. Qe8+ {[%clk 0:30:01]}  Kf3 {[%clk 0:36:50]} 46. h5 {[%clk 0:27:10]}  f5 {[%clk 0:33:37]} 47. Qh8 {[%clk 0:26:58]}  Bxe3 {[%clk 0:33:48]} 48. h6 {[%clk 0:27:07]}  d4 {[%clk 0:33:34]} 49. h7 {[%clk 0:26:06]}  d3+ {[%clk 0:33:25]} 50. Kd1 {[%clk 0:26:32]}  Rh6 {[%clk 0:31:46]} 51. Qa8+ {[%clk 0:26:58]}  Kxf4 {[%clk 0:32:03]} 52. h8=Q {[%clk 0:27:23]} 1-0

[Event "45th FIDE Chess Olympiad Open"]
[Site "Budapest, Hungary"]
[Date "2024.09.20"]
[Round "9"]
[White "Ofowino, Toritsemuwa"]
[Black "Kabilov, Amin"]
[Result "0-1"]
[Board "203"]
[WhiteFideId "8504377"]
[BlackFideId "14700859"]
[BlackTitle "CM"]
[WhiteElo "2020"]
[BlackElo "2212"]
[WhiteTeam "Nigeria"]
[BlackTeam "Tajikistan"]
[WhiteClock "0:09:09"]
[BlackClock "0:12:35"]
[Variant "Standard"]

1. d4 {[%clk 1:30:46]}  c5 {[%clk 1:29:29]} 2. d5 {[%clk 1:30:45]}  Nf6 {[%clk 1:29:26]} 3. Nc3 {[%clk 1:31:00]}  e5 {[%clk 1:27:20]} 4. e4 {[%clk 1:26:33]}  d6 {[%clk 1:27:25]} 5. Bb5+ {[%clk 1:25:48]}  Nbd7 {[%clk 1:27:19]} 6. a4 {[%clk 1:25:56]}  Be7 {[%clk 1:27:40]} 7. Nf3 {[%clk 1:25:47]}  O-O {[%clk 1:27:52]} 8. O-O {[%clk 1:24:45]}  Ne8 {[%clk 1:27:41]} 9. Be3 {[%clk 1:19:53]}  Nc7 {[%clk 1:25:29]} 10. Be2 {[%clk 1:19:27]}  g6 {[%clk 1:11:28]} 11. Nd2 {[%clk 1:12:07]}  Bg5 {[%clk 0:57:52]} 12. Nc4 {[%clk 1:07:03]}  Bxe3 {[%clk 0:58:05]} 13. Nxe3 {[%clk 1:07:20]}  Qe7 {[%clk 0:57:13]} 14. Bg4 {[%clk 1:06:28]}  Ne8 {[%clk 0:46:33]} 15. g3 {[%clk 1:04:49]}  Ng7 {[%clk 0:39:56]} 16. Qd3 {[%clk 1:02:26]}  f5 {[%clk 0:30:22]} 17. Bf3 {[%clk 0:47:16]}  fxe4 {[%clk 0:23:49]} 18. Bxe4 {[%clk 0:47:22]}  Nf6 {[%clk 0:24:09]} 19. Bg2 {[%clk 0:46:26]}  Nf5 {[%clk 0:20:14]} 20. Rae1 {[%clk 0:45:40]}  Nxe3 {[%clk 0:19:25]} 21. fxe3 {[%clk 0:45:42]}  Bf5 {[%clk 0:19:03]} 22. e4 {[%clk 0:45:12]}  Bd7 {[%clk 0:19:24]} 23. b3 {[%clk 0:41:20]}  a6 {[%clk 0:18:40]} 24. Rf2 {[%clk 0:34:22]}  Ng4 {[%clk 0:18:46]} 25. Rxf8+ {[%clk 0:34:26]}  Rxf8 {[%clk 0:19:07]} 26. Nd1 {[%clk 0:33:26]}  Qg5 {[%clk 0:17:15]} 27. h3 {[%clk 0:31:28]}  Nf6 {[%clk 0:17:31]} 28. Qe3 {[%clk 0:29:34]}  Qh5 {[%clk 0:16:18]} 29. g4 {[%clk 0:27:45]}  Qh4 {[%clk 0:16:36]} 30. Qf2 {[%clk 0:27:38]}  Qxf2+ {[%clk 0:16:50]} 31. Nxf2 {[%clk 0:28:02]}  h5 {[%clk 0:17:14]} 32. gxh5 {[%clk 0:27:20]}  Nxh5 {[%clk 0:17:27]} 33. Re3 {[%clk 0:25:22]}  b5 {[%clk 0:17:09]} 34. axb5 {[%clk 0:23:28]}  axb5 {[%clk 0:17:25]} 35. Bf3 {[%clk 0:23:09]}  Nf4 {[%clk 0:16:32]} 36. Bg4 {[%clk 0:19:03]}  Bxg4 {[%clk 0:16:50]} 37. hxg4 {[%clk 0:19:12]}  Ra8 {[%clk 0:16:48]} 38. Nd3 {[%clk 0:19:01]}  Nxd3 {[%clk 0:15:43]} 39. Rxd3 {[%clk 0:17:35]}  Rf8 {[%clk 0:15:41]} 40. Kg2 {[%clk 0:09:13]}  Rf4 {[%clk 0:15:40]} 41. Re3 {[%clk 0:09:31]}  Rxg4+ {[%clk 0:15:56]} 42. Kf3 {[%clk 0:09:48]}  Rh4 {[%clk 0:15:23]} 43. Re2 {[%clk 0:10:04]}  Rh3+ {[%clk 0:14:17]} 44. Kg4 {[%clk 0:10:05]}  Rc3 {[%clk 0:14:31]} 45. Kh4 {[%clk 0:09:48]}  Kg7 {[%clk 0:14:32]} 46. Kg4 {[%clk 0:09:51]}  b4 {[%clk 0:14:36]} 47. Kh4 {[%clk 0:09:58]}  Rf3 {[%clk 0:14:15]} 48. Kg4 {[%clk 0:10:17]}  Rf1 {[%clk 0:14:37]} 49. Kg3 {[%clk 0:09:06]}  g5 {[%clk 0:13:52]} 50. Kg2 {[%clk 0:09:11]}  Rf4 {[%clk 0:13:49]} 51. Kg3 {[%clk 0:08:55]}  Kg6 {[%clk 0:12:01]} 52. Kh3 {[%clk 0:08:38]}  Kh5 {[%clk 0:11:51]} 53. Kg3 {[%clk 0:09:02]}  g4 {[%clk 0:11:27]} 54. Rh2+ {[%clk 0:08:36]}  Kg5 {[%clk 0:11:50]} 55. Re2 {[%clk 0:09:01]}  Rf3+ {[%clk 0:12:14]} 56. Kg2 {[%clk 0:09:09]}  Kf4 {[%clk 0:12:35]} 0-1